Informatika I praktikum
Salvato in:
| Autore principale: | |
|---|---|
| Ente Autore: | |
| Altri autori: | , , , |
| Natura: | Libro |
| Lingua: | slovacco |
| Pubblicazione: |
Bratislava
Vydavateľstvo EKONÓM
2006
|
| Soggetti: | |
| Tags: |
Nessun Tag, puoi essere il primo ad aggiungerne!!
|
MARC
| LEADER | 00000nam$a2200000$$$4500 | ||
|---|---|---|---|
| 001 | 0041881 | ||
| 005 | 20240502071512.2 | ||
| 020 | |a 80-225-2162-0 | ||
| 041 | 0 | |a slo | |
| 044 | |a SK | ||
| 245 | 1 | 0 | |a Informatika I |b praktikum |c Mojmír Kokles a kolektív |
| 264 | 1 | |a Bratislava |b Vydavateľstvo EKONÓM |c 2006 | |
| 300 | |a 179 s. | ||
| 610 | 2 | 0 | |a informatika |
| 610 | 2 | 0 | |a informatika ekonomická |
| 610 | 2 | 0 | |a programy počítačové |
| 610 | 2 | 0 | |a procesory tabuľkové |
| 610 | 2 | 0 | |a softvér |
| 610 | 2 | 0 | |a tržby |
| 610 | 2 | 0 | |a tovar |
| 610 | 2 | 0 | |a predaj |
| 610 | 2 | 0 | |a zásoby |
| 610 | 2 | 0 | |a firmy |
| 610 | 2 | 0 | |a družstvá |
| 610 | 2 | 0 | |a banky |
| 610 | 2 | 0 | |a mzdy |
| 610 | 2 | 0 | |a ceny |
| 610 | 2 | 0 | |a náklady |
| 610 | 2 | 0 | |a rentabilita |
| 610 | 2 | 0 | |a Excel 2000 |
| 100 | 1 | |a Kokles, Mojmír | |
| 700 | 1 | |a Hamranová, Anna, 1957- | |
| 700 | 1 | |a Juriková, Benita, 1973- | |
| 700 | 1 | |a Romanová, Anita, 1973- | |
| 700 | 1 | |a Valent, Ľudovít | |
| 710 | 2 | |a Ekonomická univerzita v Bratislave. Fakulta podnikového manažmentu | |